Bytový dom, Ružomberok - Lúčky

Salvato in:
Dettagli Bibliografici
Autore principale: Hrbček, Tomáš (Autore)
Altri autori: Szalayová, Sylvia (Relatore della tesi)
Natura: Manoscritto Libro
Lingua:slovacco
Pubblicazione: 2019
Soggetti:
Accesso online:http://is.stuba.sk/zp/portal_zp.pl?podrobnosti=136876
https://opac.crzp.sk/?fn=detailBiblioForm&sid=220CAD514E10A15D167456E0C4C4
Tags: Aggiungi Tag
Nessun Tag, puoi essere il primo ad aggiungerne!!

MARC

LEADER 00000ntm a22000003a 4500
001 stuzp73917
003 SK-STU
005 20230531101634.9
007 ta
008 150427s2015----xo-----f-mn---000-0-slo-d
040 |a STU  |b slo 
041 0 |a slo 
100 1 |a Hrbček, Tomáš  |u 010270  |4 aut  |U SvF Stavebná fakulta  |T SvF Katedra technológie stavieb  |X 87475  |U V270  |Y 28  |7 87475 
242 0 1 |a Residential House, Ruzomberok - Lucky  |y eng 
245 1 0 |a Bytový dom, Ružomberok - Lúčky 
260 |c 2019 
650 4 |a Bytový dom  |2 slo 
650 4 |a Sadrokartónové priečky  |2 slo 
650 4 |a Akustika  |2 slo 
650 4 |a Drywall partitions  |2 eng 
650 4 |a Acoustics  |2 eng 
650 4 |a Apartment building  |2 eng 
700 1 |a Szalayová, Sylvia  |u 010270  |k Z1  |4 ths  |U SvF Stavebná fakulta  |T SvF Katedra technológie stavieb  |X 961  |U V270  |Y 28  |7 A000000961 
856 4 |u http://is.stuba.sk/zp/portal_zp.pl?podrobnosti=136876 
856 4 |u https://opac.crzp.sk/?fn=detailBiblioForm&sid=220CAD514E10A15D167456E0C4C4